| 000 | 00966cam a22002775a 4500 | ||
|---|---|---|---|
| 090 | _c0 | ||
| 001 | 14681580 | ||
| 005 | 20070523161915.0 | ||
| 008 | 061227s2007 inua 001 0 eng | ||
| 010 | _a 2006103336 | ||
| 020 | _a078973673X (pbk.) | ||
| 020 | _a9780789736734 | ||
| 040 |
_aDLC _cDLC |
||
| 050 | 0 | 0 |
_aQA76.5 _b.M531412 2007 |
| 082 |
_222 _a004.16 _bMIL |
||
| 100 | 1 |
_aMiller, Michael, _d1958- |
|
| 245 | 1 | 0 |
_aAbsolute beginner's guide to computer basics / _cMichael Miller. |
| 250 | _a4th ed. | ||
| 260 |
_aIndianapolis, Ind. : _bQue, _cc2007 |
||
| 300 |
_axix, 430 p. : _bill. ; _c24 cm. |
||
| 500 | _aIncludes index. | ||
| 650 | 0 | _aComputers. | |
| 942 |
_2ddc _cBB |
||
| 999 |
_c10429 _d10429 |
||